[Event "CZE-chT U20 final-B 0910"]
[Site "Pavla Vlachovice"]
[Date "2010.04.24"]
[Round "9.4"]
[White "Melzer, Patrik"]
[Black "Mazur, Dominik"]
[Result "1-0"]
[WhiteElo "1816"]
[BlackElo "1616"]
[PlyCount "57"]
[EventDate "2010.04.23"]
[EventType "team-tourn"]
[EventRounds "11"]
[EventCountry "CZE"]
[SourceTitle "EXT 2011"]
[Source "ChessBase"]
[SourceDate "2010.11.26"]
[SourceVersion "1"]
[SourceVersionDate "2010.11.26"]
[SourceQuality "1"]
[WhiteTeam "Havirov (U20)"]
[BlackTeam "Most (U20)"]
[WhiteTeamCountry "CZE"]
[BlackTeamCountry "CZE"]

1. d4 Nf6 2. c4 g6 3. Nc3 Bg7 4. e4 0-0 5. Nf3 d6 6. Be2 Nbd7 7. 0-0 c5 8. b3 e5 9. dxe5 Nxe5 10. Qc2 Nfd7 11. Rd1 Nxf3+ 12. Bxf3 Ne5 13. Be2 Be6 14. Nb5 a6 15. Nxd6 Qe7 16. f4 Rfd8 17. fxe5 Bxe5 18. Nf5 Rxd1+ 19. Bxd1 gxf5 20. exf5 Qh4 21. Qe2 Bd4+ 22. Be3 Bxf5 23. Bxd4 Qxd4+ 24. Qf2 Qxf2+ 25. Kxf2 Rd8 26. Ke3 Re8+ 27. Kf4 Bd3 28. Bf3 Bxc4 29. bxc4 1-0

[Event "CZE-chTW U20 0910"]
[Site "Czech Republic"]
[Date "2010.01.23"]
[Round "6.4"]
[White "Mazur, Dominik"]
[Black "Ruzicka, Vaclav"]
[Result "0-1"]
[WhiteElo "1616"]
[BlackElo "2082"]
[PlyCount "84"]
[EventDate "2009.10.03"]
[EventType "team-tourn"]
[EventRounds "7"]
[EventCountry "CZE"]
[SourceTitle "EXT 2011"]
[Source "ChessBase"]
[SourceDate "2010.11.26"]
[SourceVersion "1"]
[SourceVersionDate "2010.11.26"]
[SourceQuality "1"]
[WhiteTeam "Most (U20)"]
[BlackTeam "Klatovy (U20)"]
[WhiteTeamCountry "CZE"]
[BlackTeamCountry "CZE"]

1. d4 d5 2. c4 e6 3. Nc3 Nf6 4. Nf3 c6 5. Bg5 Be7 6. e3 Nbd7 7. Qc2 0-0 8. Bd3 h6 9. Bh4 dxc4 10. Bxc4 b5 11. Bd3 a6 12. Ne4 Bb7 13. Rc1 Rc8 14. Bxf6 Nxf6 15. Nxf6+ Bxf6 16. Be4 Qb6 17. 0-0 Be7 18. Ne5 Rc7 19. Qe2 c5 20. Bxb7 Qxb7 21. dxc5 Bxc5 22. Nd3 Bd6 23. Rxc7 Qxc7 24. h3 Rc8 25. Qd2 Qc2 26. Qxc2 Rxc2 27. Rd1 Be7 28. e4 Bg5 29. Kf1 Bd2 30. f3 Be3 31. Ke1 Rxg2 32. Kf1 Rh2 33. Re1 Bb6 34. Re2 Rxe2 35. Kxe2 Kf8 36. b3 Ke7 37. f4 g5 38. Kf3 f5 39. Ne5 Bc7 40. Nd3 Bxf4 41. Nxf4 gxf4 42. Kxf4 Kf6 0-1

[Event "CZE-ch U12"]
[Site "Sec u Chrudimi"]
[Date "2007.03.16"]
[Round "8"]
[White "Mazur, Dominik"]
[Black "Vlasak, Martin"]
[Result "0-1"]
[WhiteElo "1372"]
[BlackElo "1250"]
[PlyCount "66"]
[EventDate "2007.03.10"]
[EventType "swiss"]
[EventRounds "9"]
[EventCountry "CZE"]
[SourceTitle "EXT 2008"]
[Source "ChessBase"]
[SourceDate "2007.11.25"]
[SourceVersion "1"]
[SourceVersionDate "2007.11.25"]
[SourceQuality "1"]

1. d4 Nf6 2. c4 g6 3. Nc3 Bg7 4. Nf3 d6 5. Bg5 0-0 6. Qc1 c5 7. Bh6 cxd4 8. Bxg7 Kxg7 9. Nxd4 e5 10. Nf3 Re8 11. h4 h5 12. Nh2 d5 13. cxd5 Nxd5 14. g4 Nxc3 15. Qxc3 Qxh4 16. gxh5 Qxh5 17. Bg2 Nc6 18. Qc1 Rh8 19. Nf1 Qxh1 20. Bxh1 Rxh1 21. Qe3 Bh3 22. 0-0-0 Bxf1 23. Qe4 Rah8 24. f4 exf4 25. Qf3 R8h3 26. Qd5 Bxe2 27. Rxh1 Bf3 28. Qd7 Rxh1+ 29. Kc2 Be4+ 30. Kd2 Rh2+ 31. Ke1 f3 32. Qg4 f2+ 33. Kf1 Bd3+ 0-1

[Event "CZE-ch U12"]
[Site "Sec u Chrudimi"]
[Date "2007.03.12"]
[Round "4"]
[White "Rous, Daniel"]
[Black "Mazur, Dominik"]
[Result "1-0"]
[WhiteElo "1569"]
[BlackElo "1372"]
[PlyCount "43"]
[EventDate "2007.03.10"]
[EventType "swiss"]
[EventRounds "9"]
[EventCountry "CZE"]
[SourceTitle "EXT 2008"]
[Source "ChessBase"]
[SourceDate "2007.11.25"]
[SourceVersion "1"]
[SourceVersionDate "2007.11.25"]
[SourceQuality "1"]

1. d4 f5 2. c4 Nf6 3. Nc3 g6 4. Bg5 Bg7 5. g3 0-0 6. Bg2 d6 7. Nf3 c5 8. d5 e6 9. 0-0 exd5 10. Nxd5 Nc6 11. Qc2 Be6 12. Rad1 Qd7 13. Nxf6+ Bxf6 14. Bxf6 Rxf6 15. Qc3 Raf8 16. Ng5 f4 17. Nxe6 Qxe6 18. Bd5 fxg3 19. fxg3 Nd4 20. Rxd4 cxd4 21. Qxd4 Re8 22. Qxf6 1-0

[Event "CZE-ch U10"]
[Site "Zlate Hory"]
[Date "2006.03.18"]
[Round "9"]
[White "Kaftan, Petr"]
[Black "Mazur, Dominik"]
[Result "0-1"]
[WhiteElo "1517"]
[BlackElo "1270"]
[PlyCount "76"]
[EventDate "2006.03.11"]
[EventType "swiss"]
[EventRounds "9"]
[EventCountry "CZE"]
[SourceTitle "EXT 2008"]
[Source "ChessBase"]
[SourceDate "2007.11.25"]
[SourceVersion "1"]
[SourceVersionDate "2007.11.25"]
[SourceQuality "1"]

1. d4 f5 2. c4 Nf6 3. Nf3 g6 4. Nc3 Bg7 5. Bf4 0-0 6. e3 d6 7. Be2 Bd7 8. 0-0 Re8 9. Qb3 Nc6 10. c5+ Kh8 11. cxd6 exd6 12. Ng5 Qe7 13. Nf7+ Kg8 14. Ng5+ Kf8 15. Nd5 Nxd5 16. Qxd5 Bf6 17. Bc4 Qg7 18. Qf3 h6 19. Ne6+ Bxe6 20. Bxe6 Rxe6 21. d5 Ne5 22. Qh3 g5 23. dxe6 gxf4 24. exf4 Ng4 25. Qd3 Bd4 26. Qxf5+ Ke7 27. Qe4 Bxf2+ 28. Rxf2 Nxf2 29. Kxf2 Qxb2+ 30. Kg3 Qc3+ 31. Kg4 Qxa1 32. Qh7+ Kxe6 33. f5+ Kd5 34. Qf7+ Ke4 35. Qc4+ Qd4 36. Qe2+ Kd5+ 37. Kh5 Kc6 38. Qc2+ Kd7 0-1

[Event "CZE-ch U10"]
[Site "Zlate Hory"]
[Date "2006.03.17"]
[Round "8"]
[White "Mazur, Dominik"]
[Black "Pulpan, Jakub"]
[Result "0-1"]
[WhiteElo "1270"]
[BlackElo "1250"]
[PlyCount "60"]
[EventDate "2006.03.11"]
[EventType "swiss"]
[EventRounds "9"]
[EventCountry "CZE"]
[SourceTitle "EXT 2008"]
[Source "ChessBase"]
[SourceDate "2007.11.25"]
[SourceVersion "1"]
[SourceVersionDate "2007.11.25"]
[SourceQuality "1"]

1. e4 e5 2. Nc3 Nf6 3. Bc4 Bb4 4. a3 Ba5 5. d3 d6 6. Bg5 Be6 7. b4 Bb6 8. Bd5 Bd4 9. Nge2 Bxd5 10. Nxd4 Be6 11. Nf3 h6 12. Bxf6 Qxf6 13. d4 0-0 14. d5 Bg4 15. Rg1 Kh8 16. Qd3 Bxf3 17. gxf3 Qf4 18. Rg3 Nd7 19. Qb5 Nb6 20. Na4 a6 21. Qa5 Rfc8 22. Nxb6 cxb6 23. Qa4 b5 24. Qb3 Rc4 25. Qd3 Rac8 26. Qe3 Qxe3+ 27. fxe3 Rxc2 28. h3 R8c3 29. Kd1 Rh2 30. Rc1 Rh1+ 0-1

[Event "CZE-ch U10"]
[Site "Zlate Hory"]
[Date "2006.03.16"]
[Round "7"]
[White "Kozel, Jiri"]
[Black "Mazur, Dominik"]
[Result "1-0"]
[WhiteElo "1250"]
[BlackElo "1270"]
[PlyCount "53"]
[EventDate "2006.03.11"]
[EventType "swiss"]
[EventRounds "9"]
[EventCountry "CZE"]
[SourceTitle "EXT 2008"]
[Source "ChessBase"]
[SourceDate "2007.11.25"]
[SourceVersion "1"]
[SourceVersionDate "2007.11.25"]
[SourceQuality "1"]

1. e4 e5 2. f4 exf4 3. Nf3 d6 4. Bc4 Nc6 5. 0-0 Bg4 6. d4 Be7 7. Bxf4 Nf6 8. Nc3 h5 9. d5 Ne5 10. Bxe5 dxe5 11. Bb5+ Kf8 12. h3 Bxf3 13. Qxf3 c6 14. dxc6 bxc6 15. Ba4 Qb6+ 16. Kh1 Qxb2 17. Rab1 Qa3 18. Bxc6 Rc8 19. Rb3 Qc5 20. Bd5 Rh6 21. Qf5 Rg6 22. Qxe5 Bd6 23. Qf5 Bb8 24. Rb7 Rc7 25. Rxb8+ Ne8 26. Qxg6 Qxc3 27. Rxf7+ 1-0

[Event "CZE-ch U10"]
[Site "Zlate Hory"]
[Date "2006.03.12"]
[Round "2"]
[White "Mazur, Dominik"]
[Black "Vyhnalek, Lukas"]
[Result "1-0"]
[WhiteElo "1270"]
[BlackElo "1481"]
[PlyCount "111"]
[EventDate "2006.03.11"]
[EventType "swiss"]
[EventRounds "9"]
[EventCountry "CZE"]
[SourceTitle "EXT 2008"]
[Source "ChessBase"]
[SourceDate "2007.11.25"]
[SourceVersion "1"]
[SourceVersionDate "2007.11.25"]
[SourceQuality "1"]

1. d4 d5 2. c4 Nc6 3. e3 e5 4. Nf3 Bg4 5. dxe5 dxc4 6. Qxd8+ Rxd8 7. Bxc4 Bxf3 8. gxf3 Nxe5 9. Be2 Bb4+ 10. Nc3 Ne7 11. Bd2 N7g6 12. Rg1 Nh4 13. Rg3 Nf5 14. Rg5 g6 15. a3 Be7 16. Rg2 Nh4 17. Rg3 Bd6 18. 0-0-0 Nd3+ 19. Bxd3 Bxg3 20. Bb5+ c6 21. Bxc6+ bxc6 22. hxg3 Nxf3 23. Ne4 Nxd2 24. Rxd2 Rxd2 25. Kxd2 Ke7 26. Kc3 Rb8 27. Nd2 Ke6 28. b4 Kd5 29. f3 c5 30. Ne4 cxb4+ 31. axb4 Re8 32. Nf6+ Ke6 33. Nxe8 h5 34. Kd4 Kf5 35. Nd6+ Ke6 36. Ne4 Kf5 37. Kd3 g5 38. Nf2 h4 39. gxh4 gxh4 40. b5 Ke5 41. Kc4 Kd6 42. f4 f5 43. Nh3 Kc7 44. Kc5 Kb7 45. Ng5 Kc7 46. e4 fxe4 47. Nxe4 h3 48. Ng3 h2 49. f5 Kd7 50. Kd5 Ke7 51. Ke5 Kf7 52. f6 Kg6 53. Ke6 Kg5 54. f7 Kg4 55. f8Q Kxg3 56. Qf1 1-0

[Event "CZE-ch U12"]
[Site "Sec u Chrudimi"]
[Date "2005.10.22"]
[Round "1"]
[White "Mazur, Dominik"]
[Black "Zvara, David"]
[Result "0-1"]
[WhiteElo "1250"]
[BlackElo "1456"]
[PlyCount "78"]
[EventDate "2005.10.22"]
[EventType "swiss"]
[EventRounds "9"]
[EventCountry "CZE"]
[SourceTitle "EXT 2008"]
[Source "ChessBase"]
[SourceDate "2007.11.25"]
[SourceVersion "1"]
[SourceVersionDate "2007.11.25"]
[SourceQuality "1"]

1. d4 d5 2. c4 e6 3. Nc3 Nf6 4. Bg5 h6 5. Bxf6 gxf6 6. Nf3 Bg7 7. e3 Nc6 8. Bd3 Bd7 9. Rc1 Nb4 10. Bb1 dxc4 11. a3 Nd3+ 12. Bxd3 cxd3 13. Qxd3 Bc6 14. e4 Qd6 15. Nb5 Qd7 16. Nc3 0-0-0 17. b4 a6 18. Rb1 f5 19. e5 Bxf3 20. Qxf3 Qxd4 21. b5 Qxe5+ 22. Ne2 axb5 23. a4 Qd6 24. 0-0 Qc6 25. Qf4 bxa4 26. Rfc1 Qd6 27. Qxa4 Qa6 28. Qc2 Rd7 29. Nc3 Qc4 30. Ra1 Kb8 31. Ra3 Rhd8 32. Rca1 c6 33. Rb1 Bxc3 34. Rab3 b5 35. h3 Rd2 36. Qxc3 Rd1+ 37. Rxd1 Rxd1+ 38. Kh2 Qxc3 39. Rxc3 Kc7 0-1